<?xml version="1.0" encoding="UTF-8"?>
<marc:record xmlns:marc="http://www.loc.gov/MARC21/slim">
   <marc:leader>00000nam a2200000 a 4500</marc:leader>
   <marc:datafield ind1="0" ind2="0" tag="245">
      <marc:subfield code="a">Lebendige Seelsorge &lt;Freiburg im Breisgau; 1950 -&gt;</marc:subfield>
   </marc:datafield>
   <marc:datafield ind1="0" ind2="0" tag="245">
      <marc:subfield code="b">Zeitschrift für alle Fragen der Seelsorge ; [in Verbindung mit Oberrheinisches Pastoralblatt mit Beiheft "Lebendige Katechese"]</marc:subfield>
   </marc:datafield>
   <marc:datafield ind1=" " ind2="1" tag="264">
      <marc:subfield code="a">Würzburg</marc:subfield>
      <marc:subfield code="b">Seelsorge-Verl., Echter</marc:subfield>
      <marc:subfield code="c">2008</marc:subfield>
   </marc:datafield>
   <marc:datafield ind1=" " ind2=" " tag="250">
      <marc:subfield code="a">60</marc:subfield>
   </marc:datafield>
   <marc:datafield ind1="1" ind2=" " tag="520">
      <marc:subfield code="a">Kirchliche Orte können in Zukunft nicht einfach mehr durch eine traditionelle Rollenbeschreibung gestaltet werden. Pastorales Handeln muss künftig pastorale Orte als solche erst definieren und qualifizieren. Angesichts dieser Situation schlägt der Grazer Pastoraltheologe Rainer Bucher vor, zu einem projektorientierten Mitarbeitereinsatz in der Pastoral überzugehen. Das bedeutet aber nicht, das bisherige Reflexionsdefizit in der Pastoral mit einer modernen Planungsgläubigkeit zu vertauschen. Vielmehr geht es darum, neue Orte der kreativen Konfrontation von Evangelium und Leben zu gestalten, aber auch die alten Orte zu stärken und sichtbar zu machen, an denen dies längst geschieht.</marc:subfield>
   </marc:datafield>
   <marc:datafield ind1=" " ind2=" " tag="022">
      <marc:subfield code="a">03434591</marc:subfield>
   </marc:datafield>
   <marc:datafield ind1="0" ind2=" " tag="490">
      <marc:subfield code="v">Heft 1; 59(2008)</marc:subfield>
   </marc:datafield>
</marc:record>
